| 000 | 00542nam a22001697a 4500 | ||
|---|---|---|---|
| 999 |
_c9415 _d9415 |
||
| 008 | 210410b ||||| |||| 00| 0 eng d | ||
| 040 | _aBMS College of Architecture | ||
| 100 | _aModi, Kumar Nilesh | ||
| 245 | _aDecentralization of urban industrial settlement | ||
| 300 | _ax. 56p. | ||
| 500 | _a1BM05AHD03 | ||
| 502 |
_8M.Arch (Habitat Design) _NBMS College of Architecture, Visvesvaraya Technological University _aDissertation _d2007 |
||
| 650 | _aUrban | ||
| 650 | _a Industrial | ||
| 700 |
_aSatish S Rao _eGuide |
||
| 942 |
_2ddc _cPGTHE |
||